[Event "SVK-chT2A 1415"]
[Site "Slovakia"]
[Date "2015.02.15"]
[Round "9.7"]
[White "Danada, Ondrej"]
[Black "Magyar, Frantisek"]
[Result "0-1"]
[WhiteElo "1870"]
[BlackElo "1993"]
[PlyCount "112"]
[EventDate "2014.10.11"]
[EventType "team-tourn"]
[EventRounds "11"]
[EventCountry "SVK"]
[SourceTitle "EXT 2016"]
[Source "ChessBase"]
[SourceDate "2015.10.08"]
[SourceVersion "1"]
[SourceVersionDate "2015.10.08"]
[SourceQuality "1"]
[WhiteTeam "Osuske II"]
[BlackTeam "Bratislava Doprastav II"]
[WhiteTeamCountry "SVK"]
[BlackTeamCountry "SVK"]

1. d4 Nf6 2. c4 g6 3. Nc3 Bg7 4. e4 0-0 5. Be2 d6 6. Nf3 e5 7. 0-0 Nc6 8. d5 Ne7 9. Ne1 Nd7 10. Be3 b6 11. a4 a5 12. f3 f5 13. g4 f4 14. Bf2 g5 15. Nb5 Nf6 16. h4 gxh4 17. Bxh4 Ng6 18. Bxf6 Bxf6 19. Rf2 Bh4 20. Rh2 Bg3 21. Rh5 Bd7 22. Nd3 Rf7 23. Qf1 Rg7 24. Qh3 Be8 25. Nf2 Bh4 26. Kg2 Bg5 27. Rh1 Nf8 28. Qh2 Bxh5 29. Qxh5 Nd7 30. Nc3 Nf6 31. Qh2 Qe7 32. c5 dxc5 33. Bc4 Kh8 34. Nd3 Rd8 35. Kf1 Ne8 36. Bb5 Rd6 37. Qh5 Rh6 38. Qxh6 Bxh6 39. Rxh6 Nd6 40. Re6 Qh4 41. Nxe5 Qh1+ 42. Kf2 Qh2+ 43. Kf1 Qxb2 44. Ne2 Nxb5 45. axb5 a4 46. Nc4 Qc2 47. Nxb6 cxb6 48. Rxb6 a3 49. Ra6 a2 50. Nxf4 Qc1+ 51. Kg2 a1Q 52. Rxa1 Qxa1 53. Ne6 Qb2+ 54. Kh3 Qxb5 55. Nxg7 Kxg7 56. e5 c4 0-1

[Event "SVK-chT2A 1112"]
[Site "Slovakia"]
[Date "2012.02.26"]
[Round "11.6"]
[White "Magyar, Frantisek"]
[Black "Merva, Frantisek"]
[Result "1-0"]
[WhiteElo "2019"]
[BlackElo "2047"]
[PlyCount "57"]
[EventDate "2011.10.08"]
[EventType "team-tourn"]
[EventRounds "11"]
[EventCountry "SVK"]
[SourceTitle "EXT 2013"]
[Source "ChessBase"]
[SourceDate "2012.11.22"]
[SourceVersion "1"]
[SourceVersionDate "2012.11.22"]
[SourceQuality "1"]
[WhiteTeam "Bratislava Doprastav III"]
[BlackTeam "Dunajska Streda SK II"]
[WhiteTeamCountry "SVK"]
[BlackTeamCountry "SVK"]

1. d4 Nf6 2. c4 g6 3. Nc3 d5 4. cxd5 Nxd5 5. e4 Nxc3 6. bxc3 Bg7 7. Bc4 c5 8. Ne2 Nc6 9. Be3 0-0 10. 0-0 cxd4 11. cxd4 Na5 12. Bd5 e6 13. Bb3 Nxb3 14. Qxb3 b6 15. a4 Ba6 16. Ra2 Rc8 17. Rc2 Qd7 18. Rd1 Rxc2 19. Qxc2 Rc8 20. Nc3 Qc6 21. Rc1 Qc4 22. e5 Bf8 23. Qb2 Qd3 24. h3 Be7 25. Kh2 Kg7 26. Nb5 Rxc1 27. Qxc1 Bxb5 28. Bh6+ Kg8 29. Qc8+ 1-0

[Event "SVK-chT2A 1112"]
[Site "Slovakia"]
[Date "2011.10.09"]
[Round "2.5"]
[White "Magyar, Frantisek"]
[Black "Spacek, Oliver"]
[Result "0-1"]
[WhiteElo "2019"]
[BlackElo "1907"]
[PlyCount "56"]
[EventDate "2011.10.08"]
[EventType "team-tourn"]
[EventRounds "11"]
[EventCountry "SVK"]
[SourceTitle "EXT 2013"]
[Source "ChessBase"]
[SourceDate "2012.11.22"]
[SourceVersion "1"]
[SourceVersionDate "2012.11.22"]
[SourceQuality "1"]
[WhiteTeam "Bratislava Doprastav III"]
[BlackTeam "Osuske II"]
[WhiteTeamCountry "SVK"]
[BlackTeamCountry "SVK"]

1. d4 Nf6 2. c4 g6 3. Nc3 Bg7 4. e4 d6 5. Nf3 0-0 6. Be2 e5 7. 0-0 Nc6 8. d5 Ne7 9. b4 a5 10. bxa5 Rxa5 11. a4 Nh5 12. Nd2 Nf4 13. Nb3 Ra8 14. Ba3 f5 15. f3 Nxe2+ 16. Qxe2 f4 17. a5 g5 18. h3 h5 19. c5 Rf6 20. Nb5 Rg6 21. Rac1 g4 22. hxg4 hxg4 23. Kf2 Nf5 24. Qd3 Qh4+ 25. Ke2 gxf3+ 26. Qxf3 Ng3+ 27. Kd2 Bg4 28. Nxc7 Bxf3 0-1

[Event "SVK-chT2A 10/11"]
[Site "Slovakia"]
[Date "2011.03.27"]
[Round "11.5"]
[White "Takacs, Laszlo"]
[Black "Magyar, Frantisek"]
[Result "0-1"]
[WhiteElo "1921"]
[BlackElo "2079"]
[PlyCount "102"]
[EventDate "2010.10.23"]
[EventType "team-tourn"]
[EventRounds "11"]
[EventCountry "SVK"]
[SourceTitle "EXT 2019"]
[Source "ChessBase"]
[SourceDate "2018.10.10"]
[SourceVersion "1"]
[SourceVersionDate "2018.10.10"]
[SourceQuality "1"]
[WhiteTeam "Dunajska Streda SK II"]
[BlackTeam "Bratislava Doprastav III"]
[WhiteTeamCountry "SVK"]
[BlackTeamCountry "SVK"]

1. e4 c5 2. Nf3 Nc6 3. d4 cxd4 4. Nxd4 Nf6 5. Nc3 e5 6. Ndb5 d6 7. Bg5 a6 8. Na3 b5 9. Nd5 Be7 10. Bxf6 Bxf6 11. c3 0-0 12. Bd3 Bg5 13. 0-0 Ne7 14. c4 Nxd5 15. cxd5 Bd7 16. Nc2 a5 17. Qe2 Qb6 18. Kh1 b4 19. Ne3 Bxe3 20. fxe3 Rac8 21. Rac1 Rc5 22. Rxc5 Qxc5 23. b3 Rc8 24. Bc4 Qb6 25. h3 Rc5 26. Qf3 Be8 27. Qf5 Qc7 28. h4 Qe7 29. h5 Bd7 30. Qf2 h6 31. Qf3 Qh4+ 32. Kg1 f6 33. Be2 Rc3 34. Rd1 Qg5 35. Kf2 Rc2 36. Kg1 Rxe2 37. Qxe2 Bg4 38. Qd2 Bxd1 39. Qxd1 Qxe3+ 40. Kh2 Qxe4 41. Kh1 f5 42. Kh2 Kf7 43. Kh1 Kf6 44. Qc1 Qxd5 45. Qc7 Qd1+ 46. Kh2 Qxh5+ 47. Kg1 Qd1+ 48. Kh2 Qd5 49. Qd8+ Kg6 50. Qe8+ Kh7 51. Qf8 e4 0-1

[Event "Bratislava Doprastav op"]
[Site "Bratislava"]
[Date "2006.07.01"]
[Round "9"]
[White "Badura, Peter"]
[Black "Magyar, Frantisek"]
[Result "0-1"]
[WhiteElo "2017"]
[BlackElo "2017"]
[PlyCount "62"]
[EventDate "2006.06.24"]
[EventType "swiss"]
[EventRounds "9"]
[EventCountry "SVK"]
[SourceTitle "EXT 2008"]
[Source "ChessBase"]
[SourceDate "2007.11.25"]
[SourceVersion "1"]
[SourceVersionDate "2007.11.25"]
[SourceQuality "1"]

1. e4 c5 2. Nf3 Nc6 3. d4 cxd4 4. Nxd4 Nf6 5. Nc3 d6 6. g3 g6 7. Bg2 Bd7 8. 0-0 Bg7 9. b3 0-0 10. Bb2 a6 11. Nce2 Rc8 12. c4 Re8 13. Rc1 b5 14. Qd2 bxc4 15. Rxc4 Nxd4 16. Rxd4 Ng4 17. Rd3 Ne5 18. Re3 Bh6 19. f4 Ng4 20. Rd3 Nf6 21. Rc3 Qb6+ 22. Kh1 Bc6 23. Re3 e5 24. Nc3 exf4 25. gxf4 d5 26. Rh3 Bg7 27. exd5 Bd7 28. Rhf3 Bf5 29. Na4 Qd6 30. Rc3 Rcd8 31. Rc6 Qxc6 0-1

[Event "SVK-chT2A 0506"]
[Site "Slovakia"]
[Date "2006.03.12"]
[Round "11"]
[White "Bronis, Marian"]
[Black "Magyar, Frantisek"]
[Result "1-0"]
[WhiteElo "2133"]
[BlackElo "1990"]
[PlyCount "49"]
[EventDate "2005.10.22"]
[EventType "team-tourn"]
[EventRounds "11"]
[EventCountry "SVK"]
[SourceTitle "EXT 2009"]
[Source "ChessBase"]
[SourceDate "2008.11.26"]
[SourceVersion "1"]
[SourceVersionDate "2008.11.26"]
[SourceQuality "1"]

1. d4 Nf6 2. c4 g6 3. Nc3 Bg7 4. e4 d6 5. Be3 0-0 6. f3 e5 7. d5 Ne8 8. Qd2 f5 9. exf5 gxf5 10. Bd3 f4 11. Bf2 Nf6 12. g4 a5 13. h4 Na6 14. h5 h6 15. Nh3 b6 16. 0-0-0 Nc5 17. Bxc5 bxc5 18. Bg6 Nh7 19. Rdg1 Bf6 20. Bxh7+ Kxh7 21. Qc2+ Kh8 22. Ne4 Rg8 23. Qc3 Bd7 24. Kb1 Qe7 25. Nxf4 1-0

[Event "SVK-chT2A 0506"]
[Site "Slovakia"]
[Date "2005.12.17"]
[Round "5.2"]
[White "Magyar, Frantisek"]
[Black "Sturc, Gustav"]
[Result "1-0"]
[WhiteElo "1990"]
[BlackElo "2103"]
[PlyCount "103"]
[EventDate "2005.10.22"]
[EventType "team-tourn"]
[EventRounds "11"]
[EventCountry "SVK"]
[SourceTitle "EXT 2009"]
[Source "ChessBase"]
[SourceDate "2008.11.26"]
[SourceVersion "1"]
[SourceVersionDate "2008.11.26"]
[SourceQuality "1"]

1. d4 Nf6 2. c4 c5 3. d5 e6 4. Nc3 exd5 5. cxd5 d6 6. e4 g6 7. Nf3 Bg7 8. Be2 0-0 9. 0-0 Bg4 10. h3 Bxf3 11. Bxf3 a6 12. a4 Nbd7 13. Be3 Re8 14. Qc2 Qe7 15. Rfe1 h6 16. g3 g5 17. Bg2 g4 18. Bf4 Ne5 19. Bxe5 Qxe5 20. hxg4 Nxg4 21. Bh3 Qg5 22. Bxg4 Qxg4 23. Kg2 Re7 24. f3 Qg6 25. Ne2 Rae8 26. Nf4 Qg5 27. Rh1 Qe5 28. Rab1 Qd4 29. g4 Qe3 30. Nh5 Be5 31. Rbe1 Qg5 32. b3 b5 33. Qc1 Qxc1 34. Rxc1 bxa4 35. bxa4 Rb8 36. Rc2 Rb4 37. Ng3 Bxg3 38. Kxg3 f6 39. Rxh6 Rf7 40. Kf4 Rxa4 41. Kf5 Ra3 42. f4 Ra4 43. Rb2 Rb4 44. Ra2 a5 45. Rxa5 Re7 46. Ra8+ Kg7 47. Rg6+ Kh7 48. Ra2 Rg7 49. Rxf6 Re7 50. g5 Rbxe4 51. Rxd6 Rb4 52. Rf6 1-0

[Event "Bratislava Slovan op"]
[Site "Bratislava"]
[Date "2003.??.??"]
[Round "?"]
[White "Magyar, Frantisek"]
[Black "Todor, Razvan"]
[Result "0-1"]
[WhiteElo "1995"]
[BlackElo "2200"]
[PlyCount "77"]
[EventDate "2003.04.??"]
[EventType "swiss"]
[EventRounds "9"]
[EventCountry "SVK"]
[SourceTitle "EXT 2005"]
[Source "ChessBase"]
[SourceDate "2004.11.15"]
[SourceVersion "1"]
[SourceVersionDate "2004.11.15"]
[SourceQuality "1"]

1. d4 Nf6 2. Nf3 d6 3. c4 Bg4 4. Nc3 Nbd7 5. e3 e5 6. Be2 c6 7. 0-0 Be7 8. e4 0-0 9. Be3 Re8 10. d5 Qc7 11. Rc1 a5 12. a3 Nf8 13. Nd2 Bxe2 14. Qxe2 Ng6 15. g3 Qd7 16. f3 h5 17. Nd1 h4 18. Nf2 hxg3 19. hxg3 Nh5 20. Kg2 f5 21. Rh1 Nxg3 22. Kxg3 f4+ 23. Kg2 fxe3 24. Qxe3 Nh4+ 25. Kf1 Bg5 26. Qc3 Rf8 27. Rc2 Ng6 28. Rg1 Bxd2 29. Rxd2 Nh4 30. Rd3 Qf7 31. Ke2 cxd5 32. exd5 Nf5 33. Ne4 Rac8 34. a4 Qh5 35. b3 Qh2+ 36. Kf1 Nd4 37. Rg2 Qh1+ 38. Kf2 Qh4+ 39. Kf1 0-1

[Event "Bratislava Slovan op"]
[Site "Bratislava"]
[Date "2003.??.??"]
[Round "?"]
[White "Magyar, Frantisek"]
[Black "Vass, Frantisek"]
[Result "0-1"]
[WhiteElo "1995"]
[BlackElo "2195"]
[PlyCount "58"]
[EventDate "2003.04.??"]
[EventType "swiss"]
[EventRounds "9"]
[EventCountry "SVK"]
[SourceTitle "EXT 2005"]
[Source "ChessBase"]
[SourceDate "2004.11.15"]
[SourceVersion "1"]
[SourceVersionDate "2004.11.15"]
[SourceQuality "1"]

1. d4 c5 2. d5 e5 3. c4 d6 4. Nc3 g6 5. e4 Bg7 6. g3 Ne7 7. Bg2 0-0 8. Nge2 f5 9. 0-0 Nd7 10. Rb1 Nf6 11. f4 exf4 12. Nxf4 Ng4 13. Nfe2 fxe4 14. Nxe4 Nf5 15. Qd3 Nd4 16. Bg5 Qe8 17. Rxf8+ Qxf8 18. Rf1 Bf5 19. Bf4 Re8 20. N2c3 Rd8 21. h3 Nf6 22. g4 Bxe4 23. Nxe4 Nxe4 24. Bxe4 Qe7 25. b3 Re8 26. Bf3 Be5 27. Qd2 Bxf4 28. Qxf4 Rf8 29. Qg3 Rxf3 0-1

[Event "SVK-chT2B 9394"]
[Site "Slovakia"]
[Date "1993.??.??"]
[Round "5"]
[White "Magyar, Frantisek"]
[Black "Petrik, Tomas"]
[Result "1/2-1/2"]
[WhiteElo "1750"]
[BlackElo "1965"]
[PlyCount "176"]
[EventDate "1993.??.??"]
[EventType "team"]
[EventRounds "14"]
[EventCountry "SVK"]
[SourceTitle "EXT 2001"]
[Source "ChessBase"]
[SourceDate "2000.11.22"]
[SourceVersion "1"]
[SourceVersionDate "2000.11.22"]
[SourceQuality "1"]

1. e4 e6 2. c4 d5 3. exd5 exd5 4. d4 Nf6 5. Nf3 Be7 6. Be2 0-0 7. 0-0 dxc4 8. Bxc4 Nbd7 9. Nc3 Nb6 10. Be2 c6 11. h3 h6 12. Ne5 Bf5 13. Bf3 Nbd5 14. a3 Be6 15. Na4 Nd7 16. Nxd7 Qxd7 17. Nc5 Bxc5 18. dxc5 Qe7 19. Qc2 Qh4 20. Re1 Rfe8 21. Bd2 Nc7 22. Re4 Qd8 23. Ba5 Bf5 24. Rxe8+ Nxe8 25. Bxd8 Bxc2 26. Ba5 Nf6 27. Re1 Nd7 28. Rc1 Bb3 29. Bc7 Re8 30. Kf1 Nf6 31. Bf4 Bd5 32. Bd1 Re4 33. g3 Bc4+ 34. Kg2 Bd5 35. f3 Re8 36. Kf2 Rd8 37. b4 Be6 38. Be2 Bf5 39. g4 Be6 40. h4 Nd5 41. Bg3 Ne7 42. Bd6 Nc8 43. Bf4 Kf8 44. Rc3 Ne7 45. Bd6 Ke8 46. f4 Nc8 47. Bc7 Rd7 48. Bb8 f6 49. a4 Rd4 50. f5 Bd5 51. b5 Rxa4 52. bxc6 Bxc6 53. Bc4 Bd7 54. Kg3 Ne7 55. Bd6 Kd8 56. Bb3 Rd4 57. Re3 Nc8 58. Bf8 g6 59. Bg7 Rb4 60. Bxf6+ Kc7 61. Bc3 Rxb3 62. Be5+ Kc6 63. Rxb3 gxf5 64. gxf5 Bxf5 65. Bg7 h5 66. Bf8 a5 67. Kf4 Bg4 68. Ke5 Be2 69. Kd4 Bb5 70. Re3 Ba4 71. Re5 Bd1 72. Kc4 Bg4 73. Re1 Na7 74. Ra1 Be2+ 75. Kd4 Kb5 76. Rb1+ Kc6 77. Rb6+ Kc7 78. Bd6+ Kc8 79. Rb2 Nc6+ 80. Ke4 Bg4 81. Rf2 Nd8 82. Kd5 Be6+ 83. Ke5 Bg4 84. Kd5 Be6+ 85. Ke5 Bg4 86. Be7 Nc6+ 87. Kd6 Kb8 88. Rf8+ Ka7 1/2-1/2